| 000 | 00599nam a2200229Ia 4500 | ||
|---|---|---|---|
| 003 | OSt | ||
| 005 | 20220918204307.0 | ||
| 006 | a|||||r|||| 00| 0 | ||
| 007 | ta | ||
| 008 | 220917b |||||||| |||| 00| 0 eng d | ||
| 024 | _a111,910 | ||
| 037 | _cTextual | ||
| 040 |
_aARTS _cARTS _beng |
||
| 041 |
_2eng _aeng |
||
| 082 | _aV53:190r257:N1, h1 | ||
| 100 |
_aCarroll E M _9111403 |
||
| 245 | 0 | _aFrench public opinion and foreign affairs 1870-1914 | |
| 260 | _c1941 | ||
| 650 | _aHISTORY | ||
| 942 |
_hV53:190r257:N1, h1 _cTEXL _2CC |
||
| 999 |
_c235259 _d235259 |
||